[Event "First Saturday 2009 augusztus FM-C"]
[Site "Budapest"]
[Date "2009.08.10"]
[Round "10"]
[White "Solti, Gergely"]
[Black "Fabian, Laszlo"]
[Result "1-0"]
[WhiteElo "1839"]
[BlackElo "1777"]
[PlyCount "97"]
[EventDate "2009.08.01"]

1. e4 e5 2. d4 exd4 3. Nf3 Nc6 4. Bc4 Be7 5. O-O d6 6. c3 Ne5 7. Nxe5 dxe5 8.
Qb3 Be6 9. Bxe6 fxe6 10. Qxe6 Qd6 11. Qg4 Bf6 12. cxd4 Rd8 13. Nc3 c6 14. dxe5
Bxe5 15. f4 Bd4+ 16. Kh1 Bxc3 17. bxc3 Qg6 18. Qf3 Nf6 19. f5 Qg4 20. Qxg4 Nxg4
21. Bg5 Rd3 22. h3 Ne5 23. Rad1 Rxd1 24. Rxd1 O-O 25. Bf4 Nc4 26. g4 Re8 27.
Re1 b5 28. e5 Nb2 29. Re2 Nd3 30. Bg3 c5 31. e6 c4 32. Re4 h6 33. Rd4 Nc1 34.
Rd7 Nd3 35. Rxa7 b4 36. cxb4 c3 37. Rc7 c2 38. Rxc2 Nxb4 39. Rc7 Nd5 40. Ra7
Rc8 41. Be5 Nf6 42. a4 Rc1+ 43. Kg2 Rc2+ 44. Kf3 Rc8 45. a5 Ne8 46. a6 Kf8 47.
Rf7+ Kg8 48. a7 Ra8 49. Bb8 1-0

[Event "First Saturday 2009 augusztus FM-C"]
[Site "Budapest"]
[Date "2009.08.10"]
[Round "10"]
[White "Szoukup, Istvan"]
[Black "Farkas, Richard"]
[Result "0-1"]
[WhiteElo "1783"]
[BlackElo "1818"]
[PlyCount "102"]
[EventDate "2009.08.01"]

1. e4 e6 2. d4 d5 3. Nc3 Bb4 4. e5 c5 5. a3 Bxc3+ 6. bxc3 Ne7 7. Qg4 cxd4 8.
Qxg7 Rg8 9. Qxh7 Qc7 10. Ne2 Nbc6 11. f4 Bd7 12. Qd3 dxc3 13. Nxc3 Nf5 14. Rb1
a6 15. a4 O-O-O 16. Qxa6 Nb8 17. Qb6 Qxc3+ 18. Bd2 Qc6 19. Qa7 Be8 20. Bb5 Qc7
21. Ba5 Qxc2 22. Bd3 Qc6 23. Bxd8 Rxg2 24. Ba5 d4 25. Qb6 Qxb6 26. Bxb6 Bxa4
27. Bxf5 exf5 28. Bxd4 Bc6 29. h4 Rg4 30. Rg1 Rxh4 31. Rg8+ Kd7 32. Rd1 Rh1+
33. Bg1+ Ke7 34. Kd2 Nd7 35. Bc5+ Nxc5 36. Rxh1 Bxh1 37. Ke3 Nd7 38. Rg1 Be4
39. Rd1 b5 40. Rd4 Nb6 41. Kd2 Nd5 42. Kc1 Nxf4 43. Kb2 Nd3+ 44. Kb3 Ke6 45.
Rd8 Kxe5 46. Re8+ Kd4 47. Rd8+ Bd5+ 48. Ka3 b4+ 49. Ka4 b3 50. Ka3 b2 51. Rb8
f4 0-1

[Event "First Saturday 2009 augusztus FM-C"]
[Site "Budapest"]
[Date "2009.08.11"]
[Round "11"]
[White "Farkas, Richard"]
[Black "Mendege, Andras"]
[Result "1-0"]
[WhiteElo "1818"]
[BlackElo "1821"]
[PlyCount "73"]
[EventDate "2009.08.01"]

1. e4 e6 2. d4 d5 3. Nd2 dxe4 4. Nxe4 Bd7 5. Nf3 Bc6 6. Bd3 Nd7 7. O-O Ngf6 8.
Bg5 Be7 9. Nxf6+ Bxf6 10. Bf4 O-O 11. c3 g6 12. Re1 Bxf3 13. Qxf3 c6 14. Re2
Bg7 15. Rae1 Nb6 16. Qg3 Nd5 17. Bd6 Re8 18. h4 Nf6 19. Be5 Nh5 20. Qg4 c5 21.
Bb5 Rf8 22. dxc5 Qa5 23. Qa4 Qd8 24. Bd6 a6 25. Bd3 Re8 26. Be4 Qxh4 27. Qb3
Nf4 28. Re3 Nd5 29. Bxd5 Qd8 30. Qxb7 Bf8 31. Qxa8 Qxa8 32. Bxa8 Rxa8 33. Bxf8
Kxf8 34. b4 h5 35. a4 Rb8 36. Rd3 a5 37. b5 1-0

[Event "First Saturday 2009 augusztus FM-C"]
[Site "Budapest"]
[Date "2009.08.11"]
[Round "11"]
[White "Fabian, Laszlo"]
[Black "Szoukup, Istvan"]
[Result "1-0"]
[WhiteElo "1777"]
[BlackElo "1783"]
[PlyCount "69"]
[EventDate "2009.08.01"]

1. e4 e5 2. Nc3 Nf6 3. Nf3 Nc6 4. Be2 Bb4 5. d3 d5 6. exd5 Nxd5 7. Bd2 Nxc3 8.
Bxc3 Bxc3+ 9. bxc3 Bg4 10. h3 Bxf3 11. Bxf3 Qd7 12. O-O O-O 13. Rb1 b6 14. d4
Rad8 15. d5 Qf5 16. Re1 Ne7 17. c4 c5 18. Rb3 Rd6 19. Bg4 Qf4 20. Qe2 Ng6 21.
g3 Qg5 22. h4 Qe7 23. Bh3 f5 24. h5 Nh8 25. Qxe5 Qxe5 26. Rxe5 g6 27. hxg6 hxg6
28. Rbe3 f4 29. gxf4 Rxf4 30. Re8+ Kg7 31. R3e7+ Rf7 32. Be6 Kf6 33. Bxf7 Nxf7
34. Rxa7 Ne5 35. Rf8+ 1-0

[Event "First Saturday 2009 augusztus FM-C"]
[Site "Budapest"]
[Date "2009.08.11"]
[Round "11"]
[White "Gecse, Lajos"]
[Black "Solti, Gergely"]
[Result "0-1"]
[WhiteElo "1644"]
[BlackElo "1839"]
[PlyCount "44"]
[EventDate "2009.08.01"]

1. e4 c5 2. Nc3 Nc6 3. g3 g6 4. Bg2 Bg7 5. d3 d6 6. f4 e6 7. Nf3 Nge7 8. Be3
O-O 9. Qd2 Nd4 10. O-O-O Bd7 11. Ne2 Qb6 12. Nc3 Rac8 13. b3 Qa5 14. Na4 Qa6
15. Nc3 b5 16. Kb1 Qa5 17. Ne2 Qb6 18. c4 bxc4 19. dxc4 Nxb3 20. axb3 Qxb3+ 21.
Kc1 Qa3+ 22. Kc2 Ba4+ 0-1

[Event "First Saturday 2009 augusztus FM-C"]
[Site "Budapest"]
[Date "2009.08.11"]
[Round "11"]
[White "Hetesi, Zoltan"]
[Black "Jorgensen, Orla  E"]
[Result "0-1"]
[WhiteElo "1509"]
[BlackElo "1660"]
[PlyCount "52"]
[EventDate "2009.08.01"]

1. e4 c5 2. Nf3 d6 3. c3 Nc6 4. d4 cxd4 5. cxd4 Nf6 6. h3 Nxe4 7. d5 Qa5+ 8.
Nfd2 Qxd5 9. Bc4 Qf5 10. O-O Nxd2 11. Qxd2 e6 12. Nc3 d5 13. Bb3 Bb4 14. Re1
O-O 15. Bc2 Qf6 16. Qd3 g6 17. Bh6 Bxc3 18. bxc3 Rd8 19. Qd2 Qe7 20. Qf4 f6 21.
Re3 e5 22. Qg3 Qf7 23. Bb3 Ne7 24. Rd1 Nf5 25. Qf3 Nxe3 26. fxe3 Be6 0-1

[Event "First Saturday 2009 augusztus FM-C"]
[Site "Budapest"]
[Date "2009.08.11"]
[Round "11"]
[White "Simon, Tamas"]
[Black "Vinnay, Istvan"]
[Result "1/2-1/2"]
[WhiteElo "1808"]
[BlackElo "1819"]
[PlyCount "49"]
[EventDate "2009.08.01"]

1. d4 Nf6 2. c4 g6 3. Nc3 d5 4. cxd5 Nxd5 5. e4 Nxc3 6. bxc3 Bg7 7. Bc4 c5 8.
Ne2 Nc6 9. Be3 cxd4 10. cxd4 O-O 11. O-O a6 12. Rc1 Bd7 13. d5 Na5 14. Bd3 b5
15. Ng3 Rc8 16. Qd2 Nc4 17. Bxc4 bxc4 18. Qb4 Rb8 19. Qa3 Bb2 20. Qxa6 Bxc1 21.
Rxc1 Bb5 22. Qa3 Qd7 23. Qc3 f6 24. Bh6 Rf7 25. Rb1 1/2-1/2

[Event "First Saturday 2009 augusztus FM-C"]
[Site "Budapest"]
[Date "2009.08.11"]
[Round "11"]
[White "Fenyvesi, Tamas"]
[Black "Kantor, Gergely"]
[Result "0-1"]
[WhiteElo "1794"]
[BlackElo "1732"]
[PlyCount "102"]
[EventDate "2009.08.01"]

1. d4 Nf6 2. c4 e6 3. Nc3 Bb4 4. Nf3 c5 5. e3 cxd4 6. exd4 O-O 7. Bd3 b6 8. O-O
Bb7 9. Bg5 h6 10. Bh4 Be7 11. Qe2 d6 12. Ne4 Nc6 13. Nxf6+ Bxf6 14. Qe4 g6 15.
Bxf6 Qxf6 16. d5 Nb4 17. b3 Rfe8 18. Qe3 exd5 19. Qd2 Nxd3 20. Qxd3 dxc4 21.
bxc4 Bxf3 22. gxf3 Re5 23. Rad1 Rc8 24. Qa3 Rxc4 25. Rxd6 Rc3 26. Rxf6 Rxa3 27.
Rd1 Kg7 28. Rf4 g5 29. Rb4 Rxa2 30. f4 Ree2 31. Rf1 g4 32. f5 h5 33. Kg2 Kf6
34. Rb5 Re5 35. Rfb1 Rxf5 36. Rxf5+ Kxf5 37. Rb5+ Kg6 38. Kg3 Ra3+ 39. Kg2 f5
40. Rd5 Ra5 41. Rd8 f4 42. Rg8+ Kf5 43. Rf8+ Kg5 44. Rg8+ Kh4 45. f3 Ra2+ 46.
Kg1 g3 47. hxg3+ fxg3 48. Rg7 Kh3 49. Kf1 g2+ 50. Kg1 Ra1+ 51. Kf2 Rf1+ 0-1

[Event "First Saturday 2009 augusztus FM-C"]
[Site "Budapest"]
[Date "2009.08.12"]
[Round "12"]
[White "Mihajlova, Diana"]
[Black "Kantor, Gergely"]
[Result "0-1"]
[WhiteElo "1527"]
[BlackElo "1732"]
[PlyCount "67"]
[EventDate "2009.08.01"]

1. e4 c5 2. Nf3 d6 3. d4 cxd4 4. Nxd4 Nf6 5. Nc3 g6 6. Bc4 Bg7 7. Bg5 O-O 8.
Qd2 Nc6 9. Bb3 Nxe4 10. Qe3 Nxg5 11. Nxc6 bxc6 12. Qxg5 Bxc3+ 13. bxc3 e6 14.
Qg3 d5 15. O-O Ba6 16. Rfe1 Rc8 17. Rad1 Qc7 18. Qh3 e5 19. Re3 Rce8 20. Rg3
Bc8 21. Qh6 f6 22. c4 d4 23. c5+ Be6 24. Rdd3 Qg7 25. Bxe6+ Rxe6 26. Qh3 f5 27.
Ra3 e4 28. Ra6 Qb7 29. Rb3 Qxa6 30. Ra3 Qb5 31. Rb3 Qxc5 32. Rb7 Re7 33. Qb3+
Kg7 34. Qe6 0-1

[Event "First Saturday 2009 augusztus FM-C"]
[Site "Budapest"]
[Date "2009.08.12"]
[Round "12"]
[White "Vinnay, Istvan"]
[Black "Fenyvesi, Tamas"]
[Result "1/2-1/2"]
[WhiteElo "1819"]
[BlackElo "1794"]
[PlyCount "46"]
[EventDate "2009.08.01"]

1. c4 c6 2. d4 d5 3. cxd5 cxd5 4. Nf3 Nf6 5. Nc3 Nc6 6. e3 e6 7. Bd3 Bd6 8. O-O
O-O 9. Bd2 e5 10. dxe5 Nxe5 11. Nxe5 Bxe5 12. Rc1 d4 13. exd4 Bxd4 14. Bf4 Bg4
15. Be2 Bxe2 16. Qxe2 Re8 17. Qf3 Qb6 18. b3 Rac8 19. Ne2 Bb2 20. Rxc8 Rxc8 21.
Be3 Qa6 22. Qg4 Rd8 23. a4 h6 1/2-1/2

[Event "First Saturday 2009 augusztus FM-C"]
[Site "Budapest"]
[Date "2009.08.12"]
[Round "12"]
[White "Jorgensen, Orla  E"]
[Black "Simon, Tamas"]
[Result "0-1"]
[WhiteElo "1660"]
[BlackElo "1808"]
[PlyCount "66"]
[EventDate "2009.08.01"]

1. Nf3 Nf6 2. g3 g6 3. d4 Bg7 4. Bg2 d5 5. c4 dxc4 6. Qa4+ c6 7. Qxc4 O-O 8.
O-O Be6 9. Qb4 Qc7 10. Bf4 Nd5 11. Qd2 Nxf4 12. gxf4 Qd7 13. Ne5 Qc8 14. e4 Bh3
15. f3 Rd8 16. Nc3 Bxg2 17. Kxg2 Nd7 18. Nxd7 Qxd7 19. Qe2 Qxd4 20. Rad1 Qf6
21. f5 gxf5 22. exf5 Qxf5 23. Rxd8+ Rxd8 24. Qxe7 Rd2+ 25. Rf2 Rxf2+ 26. Kxf2
Bd4+ 27. Kg2 Qg6+ 28. Kf1 Qd3+ 29. Kg2 Qd2+ 30. Kh3 Qe3 31. Qd8+ Kg7 32. Kg2
Qf2+ 33. Kh3 Qxf3+ 0-1

[Event "First Saturday 2009 augusztus FM-C"]
[Site "Budapest"]
[Date "2009.08.12"]
[Round "12"]
[White "Solti, Gergely"]
[Black "Hetesi, Zoltan"]
[Result "1-0"]
[WhiteElo "1839"]
[BlackElo "1509"]
[PlyCount "35"]
[EventDate "2009.08.01"]

1. e4 e5 2. d4 exd4 3. Nf3 Bb4+ 4. c3 dxc3 5. bxc3 Bc5 6. Bc4 Nc6 7. Bxf7+ Kf8
8. Bb3 d6 9. Ng5 Ne5 10. f4 Ng4 11. Qd5 Bf2+ 12. Ke2 Qe8 13. Nxh7+ Ke7 14. Qg5+
N8f6 15. Qxg7+ Kd8 16. Nxf6 Nxf6 17. Qxf6+ Kd7 18. Kxf2 1-0

[Event "First Saturday 2009 augusztus FM-C"]
[Site "Budapest"]
[Date "2009.08.12"]
[Round "12"]
[White "Szoukup, Istvan"]
[Black "Gecse, Lajos"]
[Result "1-0"]
[WhiteElo "1783"]
[BlackElo "1644"]
[PlyCount "35"]
[EventDate "2009.08.01"]

1. e4 c5 2. Nf3 d6 3. d4 cxd4 4. Nxd4 a6 5. Rg1 g6 6. g4 Bg7 7. g5 h6 8. h4 h5
9. Nc3 e6 10. Be3 Ne7 11. Bc4 Nbc6 12. Qd2 Ne5 13. Bb3 N7c6 14. O-O-O O-O 15.
Nxc6 Nf3 16. Nxd8 Nxd2 17. Bb6 Bd7 18. Ba4 1-0

[Event "First Saturday 2009 augusztus FM-C"]
[Site "Budapest"]
[Date "2009.08.12"]
[Round "12"]
[White "Mendege, Andras"]
[Black "Fabian, Laszlo"]
[Result "1-0"]
[WhiteElo "1821"]
[BlackElo "1777"]
[PlyCount "119"]
[EventDate "2009.08.01"]

1. e4 e5 2. Nf3 Nc6 3. d4 exd4 4. Nxd4 Bc5 5. Nf3 h6 6. Bd3 d6 7. h3 Nf6 8. O-O
Ne5 9. Bf4 Nxd3 10. cxd3 O-O 11. Nc3 c6 12. Bg3 Nh5 13. Bh2 g5 14. Nd2 Ng7 15.
Nb3 Bb6 16. Kh1 f5 17. f4 g4 18. hxg4 fxg4 19. g3 Qe8 20. Ne2 Bd7 21. f5 Rf6
22. Nf4 h5 23. Bg1 Bxg1 24. Kxg1 a5 25. Nd4 a4 26. Nde2 d5 27. Nc3 b5 28. a3
Bxf5 29. exf5 Qe3+ 30. Kg2 Nxf5 31. Qe1 d4 32. Ne4 Rff8 33. Rf2 Qxe1 34. Rxe1
Ne3+ 35. Kh2 Rae8 36. Rc1 Rc8 37. Nxh5 Rxf2+ 38. Nxf2 Kf7 39. Ne4 Ke6 40. Nf4+
Kd7 41. Ng2 Rh8+ 42. Kg1 Nd5 43. Rf1 Ke6 44. Nf2 Rg8 45. Re1+ Kd6 46. Re4 c5
47. Rxg4 Rxg4 48. Nxg4 c4 49. dxc4 bxc4 50. Kf1 c3 51. bxc3 Nxc3 52. Nf2 Kd5
53. Ke1 Kc4 54. g4 d3 55. g5 Nb1 56. Nxd3 Kxd3 57. g6 Nxa3 58. g7 Nc2+ 59. Kf2
a3 60. g8=Q 1-0